00378nam a22001097a 4500020001500000082001600015100003000031245004400061260009000105300003800195650003500233 a9290611189 a615.323 WHO aWorld Health Organization00aMedicinal plants in the South Pacific : aManila :bWorld Health Organization, Regional Office for the Western Pacific,cc1998. axviii, 254 p. :bcol. ill., map ; amedicinal plants,saouth africa